Normal view
MARC view
- Cuddy, Robbin,
Entry Personal Name
001 - CONTROL NUMBER
- control field: 26824
003 - CONTROL NUMBER IDENTIFIER
- control field: OSt
005 - DATE AND TIME OF LATEST TRANSACTION
- control field: 20110719122652.0
008 - FIXED-LENGTH DATA ELEMENTS
- fixed length control field: 110719|||a|||||| | ||| d
040 ## - CATALOGING SOURCE
- Original cataloging agency: OSt
- Transcribing agency: OSt
100 ## - HEADING--PERSONAL NAME
- Personal name: Cuddy, Robbin,
- Relator term: ill.
670 ## - SOURCE DATA FOUND
- Source citation: Work cat.: (OSt)0: Zoehfeld, Kathleen Weidner. 26818, Pooh's first day of school /, c1997.
670 ## - SOURCE DATA FOUND
- Source citation: Work cat.: (OSt)0: Zoehfeld, Kathleen Weidner. 26818, Pooh's first day of school /, c1997.